|
|
|
|
| LEADER |
00000nam a22000007i 4500 |
| 001 |
IT\ICCU\UBO\2286402 |
| 003 |
ItRI |
| 005 |
20260115231838.0 |
| 008 |
030908s1997 xxk|||||| ||||| |||||c |
| 020 |
|
|
|a 1901072002
|
| 040 |
|
|
|b ita
|c importazione bologna sebina
|
| 041 |
|
7 |
|a eng
|2 ISO-639-2
|
| 100 |
1 |
|
|a Hartnett, P-P
|0 IT\ICCU\UBOV\826919
|4 aut
|
| 245 |
1 |
0 |
|a Call me /
|c by P-P Hartnett.
|
| 260 |
|
|
|a London :
|b Pulp Books,
|c [1997]
|
| 300 |
|
|
|a 183 p. ;
|c 20 cm.
|
| 942 |
|
|
|2 ddc
|c BK
|n 0
|
| 952 |
|
|
|0 0
|1 0
|4 0
|6 DOC_823_914000000000000_HAR
|7 0
|9 14079
|a BO
|b BO
|d 2026-01-15
|i 7608
|l 0
|o DOC 823.914 HAR
|p BO7608
|r 2026-01-15 23:18:38
|w 2026-01-15
|x [Sebina 5] [1 v.]
|y BK
|z 1 v.
|
| 999 |
|
|
|c 12136
|d 12136
|